Countries with Embassies in North Korea - Statistics

General Stats
  • This quiz has been taken 67 times
    29 since last reset
  • The average score is 15 of 26
Answer Stats
Country % Correct
China
100%
Russia
100%
Iran
92%
Laos
83%
Cambodia
79%
India
79%
Vietnam
79%
Cuba
75%
Pakistan
71%
Thailand
71%
Mongolia
67%
Syria
67%
Venezuela
67%
Indonesia
63%
United Kingdom
63%
Malaysia
54%
Sweden
46%
Brazil
42%
Germany
42%
Egypt
38%
Bulgaria
17%
Libya
17%
Nigeria
17%
Poland
17%
Romania
17%
Czechia
13%
No matching quizzes found
Score Distribution
Percent of People with Each Score
Percentile by Number Answered
Your Score History
You have not taken this quiz since the last reset